| 000 | 01016cab a2200229 4500 | ||
|---|---|---|---|
| 001 | WB2904-67 | ||
| 008 | 090401t1993 xxu||||| |||| 00| 0 eng d | ||
| 035 | _a(Sirsi) u38614 | ||
| 041 | _aeng | ||
| 245 | _aAssumption in assessing compensation | ||
| 260 | _c1993 | ||
| 350 | _a0 | ||
| 490 |
_aTimes _v26 January 1993, 36(1) |
||
| 520 | _aIn "Canterbury CC v Colley and another", HL 21 January 1993, it was held that in assessing compensation payable for revocation of planning permission to demolish and rebuild a house, after demolition but before rebuilding had commenced, the valuer had to apply Town and Country Planning Act 1971 s146(6) and assume that permission to rebuild would be granted, even though such permission had been the subject of the revocation order. | ||
| 650 | _aCOMPENSATION | ||
| 650 | _aPLANNING PERMISSION | ||
| 650 | _aREVOCATION | ||
| 650 | _aTOWN AND COUNTRY PLANNING ACT 1971 S146(6) | ||
| 690 | _aPLANNING LAW AND PRACTICE-CASE LAW | ||
| 942 | _n0 | ||
| 948 | _c04/03/1997 | ||
| 999 |
_c24815 _d24815 |
||